000
00288nam a2200097Ia 4500
082
_a
916.881 MEND
245
0
_a
Sand and water : a profile of the Kavango region
100
_a
Mendelsohn, John M. Cape Town, 2003
_9
92901
942
_c
BK
008
210817s9999 xx 000 0 und d
999
_c
379263
_d
379262